000 01645nam2a22002771 4500
001 v19\rc\2109576
005 20260407062648.0
035 _a(NLR Aleph) 005185679
090 _a5163274
_c5163274
100 _a20090914d1848 |||y0rusy50 ca
101 0 _arus
102 _aRU
105 _ay z |||||
200 1 _a... великого князя Константина Николаевича с... великой княжной Александрой Иосифовной
210 _d[1848]
_aБ. м.
215 _a[6] с.
461 0 _1001v19\rc\2109568
_12001#$aВысочайше утвержденный..."; в части изд. в загл.: "Церемониал на бракосочетание церемония бракосочетания...$v... великого князя
_96102127
_c[Санкт-Петербург
_d1839-1902]
_tВысочайше утвержденный..."; в части изд. в загл.: "Церемониал на бракосочетание церемония бракосочетания...
_v... великого князя
540 1 0 _aЕлисаветы Михайловны, великой княжны с... герцогом Адольфом Нассауским
702 0 _4570
_8rus
_7ca
_aКонстантин Николаевич
_cвеликий князь
_f1827-1892
_3RU\NLR\AUTH\7712836
_9122546
702 0 _4570
_8rus
_7ca
_aАлександра Иосифовна
_cвеликая княгиня
_f1830-1911
_3RU\NLR\AUTH\7790120
_973047
801 0 _aRU
_bNLR
_gpsbo
801 1 _aRU
_bProSoft-M
_2rusmarc
852 _aNLR
_j38.77.1.2261
942 _cBOOK
980 _aNB